| 000 | 00774nam a2200217Ii 4500 | ||
|---|---|---|---|
| 003 | JO-AjNU | ||
| 008 | 230605s9999||||xx |||||||||||||| ||und|| | ||
| 017 | _a2007/9/3007 | ||
| 040 |
_aJO-AjNU _bara _erda _cJO-AjNU |
||
| 041 | _aara | ||
| 050 | 1 | 4 | _aHD37.A7.S2424.2008 |
| 100 | 3 |
_aالسكارنة،بلال خلف, _eauthor _930902 |
|
| 245 | 0 | 0 | _aالريادة وادارة منظمات الاعمال=ENTERPRENUERSHIP AND BUISNESS ORGANIZATIONS MANAGEMENT |
| 250 | _aط1 | ||
| 264 | 3 | 1 | _aعمان:دار المسيرة للنشر والتوزيع،2008 |
| 300 | _a352ص | ||
| 336 |
_atext _btxt _2rdacontent |
||
| 337 |
_aunmediated _bn _2rdamedia |
||
| 338 |
_avolume _bnc _2rdacarrier |
||
| 650 | 4 |
_aادارة اعمال-الادارة التنفيذية _930903 |
|
| 999 |
_aA12302 _c15870 _d15870 |
||